Martí y la conquista de América

Guardat en:
Dades bibliogràfiques
Autor principal: Pereira Torres, Mercedes
Format: Desconegut
Publicat: La Habana, Cuba Editorial Pablo de la Torriente c1991
Matèries:
Etiquetes: Afegir etiqueta
Sense etiquetes, Sigues el primer a etiquetar aquest registre!

MARC

LEADER 000000000a22000000004500
001 002147
041 0 |a español 
092 0 |a Cu864.2D M378ma 
100 1 |a Pereira Torres, Mercedes 
245 1 0 |a Martí y la conquista de América 
260 |a La Habana, Cuba   |b Editorial Pablo de la Torriente   |c c1991 
300 |a 20 páginas 
500 |a Número de inscripción 01469 
650 4 |a MARTI, JOSE, 1853-1895 
650 4 |a AMERICA 
650 4 |a CONQUISTA Y COLONIZACION 
999 |c 3016  |d 3016